000 02255cas a2200577 a 4500
999 _c523456
_d523456
001 11384633
003 NUST
005 20190313103227.0
008 901019c19919999ctuqr p 0 a0eng c
010 _a 91640885
_zsn 90001747
015 _a016564103
_2dnb
016 7 _a016564103
_2DE-101
016 7 _a1127174-7
_2DE-600
016 7 _a009207684
_2Uk
022 0 _a1053-4822
_l1053-4822
_2j
030 _aHRMRE7
035 _a(OCoLC)ocm22538309
037 _bJAI Press, Inc., 55 Old Post Rd., No. 2, P.O. Box 1678, Greenwich, CT 06836-1678
038 _aMr.Zahoor
040 _aNSD
_beng
_cNSD
_dCAS
_dNSD
_dDLC
_dNST
_dDLC
_dIUL
_dNST
_dHUL
_dIUL
_dGUA
_dCUS
_dNSD
_dIUL
_dNLGGC
_dNSD
_dOCLCQ
_dGBVCP
_dUKMGB
_dOCLCO
_dOCLCQ
_dOCLCF
_dOCLCO
_dGILDS
_dOCLCO
_dDLC
042 _ansdp
_apcc
043 _an-us---
050 0 0 _aHF5549.2.U5
_bH83
082 0 0 _a658.3/005
_220
210 0 _aHum. resour. manage. rev.
222 0 _aHuman resource management review
245 0 0 _aHuman resource management review.
260 _aGreenwich, Conn. :
_bJAI Press,
_c©1991-
300 _avolumes :
_billustrations ;
_c26 cm
310 _aQuarterly
336 _atext
_btxt
_2rdacontent
337 _aunmediated
_bn
_2rdamedia
338 _avolume
_bnc
_2rdacarrier
362 0 _aVol. 1, no. 1 (spring 1991)-
530 _aAlso issued via World Wide Web by subscription through ScienceDirect (Online service).
588 _aLatest issue consulted: Vol. 4, no. 1 (winter 1993).
590 _aSERBIB/SERLOC merged record
650 0 _aPersonnel management
_zUnited States
_vPeriodicals.
_913840
650 1 7 _aPersoneelsmanagement.
_2gtt
_913834
650 1 7 _aArbeids- en organisatiepsychologie.
_2gtt
_913841
650 7 _aPersonalwirtschaft.
_2stw
_913832
650 7 _aPersonnel management.
_2fast
_0(OCoLC)fst01058797
_91204
651 7 _aUnited States.
_2fast
_0(OCoLC)fst01204155
_97952
655 7 _aPeriodicals.
_2fast
_0(OCoLC)fst01411641
_92739
655 7 _aPeriodicals.
_2lcgft
_92739
776 1 _tHuman resource management review (Online)
_x1873-7889
_w(DLC) 2002238965
_w(OCoLC)46359150
906 _a7
_bcbc
_cserials
_d3
_encip
_f19
_gn-oclcserc
942 _2ddc
_cCR
_s1